1281 1550 1752 1812 1763 1334 1283 1704 1104 1019 1337 1879 1315 1921 1107 1633 1006 1936 1618 1555 1825 1308 1516 1614 1538 1432 1104 1773 1627 1503 1257 1122 1319 1021 1806 1316 1466 1739 1636 1602 1987 1048 1344 1511 1515 1705 1150 1035 1885 1406 1634 1320 1347 1081 1412 1157 1718 1489 1027 1033 1015 1314 1566 1635 1406 1140 1764 1139 1520 1094 1905 1330 1458 1685 1820 1027 1457 1001 1690 1473 1678 1135 1074 1552 1495 1526 1898 1021 1675 1841 1425 1330 1209 1905 1969 1996 1992 1087 1406 BCNSPRNW ULIB Ver.6.0+V

เปลี่ยนเป็นภาษาไทย

Change to English
 แสดงรายละเอียดบรรณานุกรม
  กลับหน้าหลัก

Brief Record : Get Marc (ISO 2709) : E-mail record : QR code < ปิดหน้าต่าง
LEADER : 00000nam 2200000uu 4500
001    13399121832
003     ULIB
008    121211s2553||||th 000 0 tha d
020    ^a9786165290159
060 04 ^aWP560^bช362ป
100 0  ^aชัญวลี ศรีสุโข
245 10 ^aปวดท้องประจำเดือน /^cชัญวลี ศรีสุโข
250    ^aพิมพ์ครั้งที่ 1
260    ^aกรุงเทพฯ :^bอมรินทร์สุขภาพ,^c2553
300    ^a[9], 124 หน้า :^bภาพประกอบ ;^c21 ซม.
440  0 ^aชุดโรคภัยใกล้ตัว ;^vลำดับที่ 13
650  7 ^aปวดระดู
650  7 ^aระดู
945    ^p99^l0^i18104
995    ^aทศพร
999    ^aทศพร เกษรทอง
รายการนี้ยังไม่มีแท็ก
คุณยังไม่ได้ล็อกอิน คุณสามารถมีกิจกรรมร่วมกับเว็บไซต์ได้ แต่ต้องล็อกอินก่อน ::
  ล็อกอิน

รายการสื่อสารสนเทศ

ลำดับที่ ประเภท เลขเรียก/บาร์โค้ด สถานที่ สถานะ
1. วิทยาศาสตร์การแพทย์ และสุขภาพ
วิทยาศาสตร์การแพทย์ และสุขภาพ
WP560 ช362ป ฉ.1 
  Barcode: 18104
ห้องสมุดวิทยาเขตนครสวรรค์
►ส่วนจัดเก็บหนังสือเก่า นว.
บนชั้น
  ขอยืม

รายการใกล้เคียง
    ผู้แต่ง [ชัญวลี ศรีสุโข]

    หัวเรื่อง [ปวดระดู]
    หัวเรื่อง [ระดู]

BibComment


ยังไม่เคยถูกคอมเมนท์

คอมเมนท์ทรัพยากรรายการนี้
  คอมเมนท์: ปวดท้องประจำเดือ..


 Copyright 2026. Bcnsprnw @Library